| 000 | 00743nam a2200241 a 4500 | ||
|---|---|---|---|
| 001 | 74447 | ||
| 003 | BD-RjUL | ||
| 005 | 20211209082543.0 | ||
| 008 | 180927s1941 a|||| b||| 001 0 eng d | ||
| 035 | _a(BD-RjUL) | ||
| 040 |
_aBD-RjUL _beng _cBD-RjUL |
||
| 041 | _aeng | ||
| 082 |
_223 _a657 _bNOA 1941 |
||
| 100 | 1 |
_a S.Noble, Howard _9222967 |
|
| 245 | 1 | 0 |
_aAdvance Accounting / _c Howard S.Noble , Wilbert E. Karrenbrock and Harry Simon |
| 260 |
_aNew York : _bSouth-Western pub , _cc1941 |
||
| 300 |
_aXii ,846 p. : _bill. ; _c22 cm |
||
| 504 | _aIncludes bibliographical Reference and Index | ||
| 650 |
_aAccounting _9222968 |
||
| 700 |
_aKarrenbrock, Wilbert E. jt _9222969 |
||
| 700 |
_aSimon, Harry jt _9222970 |
||
| 942 |
_2ddc _cBK |
||
| 999 |
_c74447 _d74447 |
||